Music Quiz

Random Music Quiz

Songs Sung by Competitors at the 2012 ICCA Finals Quiz Stats

 Plays Quiz not verified by Sporcle

Challenge
Share
Tweet
Embed
Score 0/21 Timer 05:00
0 Plays Today
Song Title % Correct
Voices in Your HeadWe Found Love
81%
Voices in Your HeadTitanium
76.2%
SoCal VoCalsTightrope
71.4%
Voices in Your HeadLittle Lion Man
66.7%
PennharmonicsUprising-Brick in the Wall
42.9%
Out of the BlueJar of Hearts
38.1%
ScatterTonesNo Woman, No Cry
33.3%
Out of the BlueSomething's Got A Hold On Me-Candyman
33.3%
Out of the BlueBottom of the River
33.3%
SoCal VoCalsPoison and Wine
33.3%
ScatterTonesC'mon Talk
28.6%
Song Title % Correct
The AccidentalsNever Say Never
28.6%
ScatterTonesEnd of Time
23.8%
PennharmonicsI'm In Here
23.8%
PennharmonicsSigh No More
23.8%
SoCal VoCalsSet Fire to the Rain
23.8%
All the King's MenIt's Raining Men-Let Me Entertain You
23.8%
The AccidentalsBridge Over Troubled Waters
19%
The AccidentalsSomething To Believe In
19%
All the King's MenBorn This way
9.5%
All the King's MenHallellujah
0%

You're not logged in!

Compare scores with friends on all Sporcle quizzes.
OR
Log In

You Might Also Like...

Show Comments

Extras

Created Aug 12, 2012ReportNominate
Tags:icca

Top Quizzes Today


Score Distribution

Your Account Isn't Verified!

In order to create a playlist on Sporcle, you need to verify the email address you used during registration. Go to your Sporcle Settings to finish the process.

Report this User

Report this user for behavior that violates our Community Guidelines.

Details: